[Event "SR 1. liga zapad 2015/2016"]
[Site "?"]
[Date "2016.01.23"]
[Round "7.6"]
[White "Straka, Jozef Ml"]
[Black "Bango, Lukas"]
[Result "0-1"]
[WhiteElo "2308"]
[BlackElo "2099"]
[PlyCount "62"]
[EventDate "2015.??.??"]

1. Nf3 c5 2. g3 b6 3. Bg2 Bb7 4. O-O Nf6 5. d3 d5 6. Nbd2 e6 7. c4 Be7 8. cxd5
exd5 9. d4 O-O 10. dxc5 bxc5 11. b3 Nbd7 12. Bb2 Qb6 13. Qc2 Rac8 14. Bh3 Rc7
15. Ne5 Ba6 16. Ndf3 d4 17. Nc4 Bxc4 18. Qxc4 Qb7 19. Rac1 Nb6 20. Qd3 Rd8 21.
Rfd1 g6 22. Bg2 Nfd5 23. Ne5 Qc8 24. a3 Bg5 25. Rb1 Bf6 26. Nf3 c4 27. bxc4 Nc3
28. Nxd4 Rxd4 29. Bxc3 Rxd3 30. Rxd3 Bxc3 31. Rxc3 Rxc4 0-1

[Event "SR 1. liga zapad 2015/2016"]
[Site "?"]
[Date "2016.01.23"]
[Round "7.6"]
[White "Puskar, Peter"]
[Black "Jakubek, Peter"]
[Result "0-1"]
[WhiteElo "2218"]
[BlackElo "2205"]
[PlyCount "49"]
[EventDate "2015.??.??"]

1. d4 d5 2. c4 c6 3. Nf3 Nf6 4. e3 Bf5 5. Qb3 Qb6 6. Nc3 e6 7. c5 Qc7 8. Bd2
Nbd7 9. Rc1 b6 10. cxb6 axb6 11. Ne5 Nxe5 12. dxe5 Nd7 13. Nb5 Qb7 14. Nd6+
Bxd6 15. exd6 O-O 16. Be2 c5 17. f3 c4 18. Qc3 Rxa2 19. b4 Rfa8 20. e4 Bg6 21.
Bxc4 dxc4 22. Qxc4 b5 23. Qc3 Nb6 24. h4 h5 25. g4 0-1

[Event "SR 1. liga zapad 2015/2016"]
[Site "?"]
[Date "2016.01.23"]
[Round "7.6"]
[White "Obona, Jan"]
[Black "Szitkey, Milan"]
[Result "1-0"]
[WhiteElo "2218"]
[BlackElo "2114"]
[PlyCount "51"]
[EventDate "2015.??.??"]

1. Nf3 Nf6 2. c4 c6 3. b3 d5 4. Bb2 e6 5. g3 Be7 6. Bg2 O-O 7. O-O Nbd7 8. d3
b5 9. Nbd2 Qb6 10. Qc2 Rb8 11. Rac1 Bb7 12. e4 Rfc8 13. Ne5 Ba6 14. Qb1 Bb4 15.
Ndf3 Bd6 16. Nxf7 Kxf7 17. e5 Be7 18. Ng5+ Kg8 19. exf6 gxf6 20. Nxe6 bxc4 21.
dxc4 dxc4 22. Rfd1 Nf8 23. Qf5 Qb5 24. Qg4+ Kf7 25. Qg7+ Kxe6 26. Re1+ 1-0

[Event "SR 1. liga zapad 2015/2016"]
[Site "?"]
[Date "2016.01.23"]
[Round "7.6"]
[White "Miklas, Marian"]
[Black "Kukucka, Matej"]
[Result "0-1"]
[WhiteElo "2120"]
[BlackElo "2111"]
[PlyCount "136"]
[EventDate "2015.??.??"]

1. Nf3 Nf6 2. c4 g6 3. g3 Bg7 4. Bg2 O-O 5. O-O d6 6. Nc3 c6 7. d4 Qa5 8. e4
Bg4 9. h3 Bxf3 10. Bxf3 Nfd7 11. Rb1 e5 12. d5 cxd5 13. cxd5 Rc8 14. Be2 a6 15.
Be3 b5 16. b4 Qd8 17. Qb3 Nf6 18. Bd3 Nbd7 19. a4 bxa4 20. Nxa4 Qf8 21. f3 Nh5
22. Kg2 f5 23. Bf2 Bh6 24. Nb2 fxe4 25. fxe4 Qe7 26. Ra1 Qg5 27. Rxa6 Rxa6 28.
Bxa6 Rf8 29. Kh1 Rxf2 30. Rxf2 Nxg3+ 31. Kh2 Nxe4 32. Rg2 Qf4+ 33. Kg1 Nd2 34.
Qd1 Qd4+ 35. Kh1 Qxb2 36. Qg4 Qb1+ 37. Rg1 Qe4+ 38. Qxe4 Nxe4 39. Bc8 Nb6 40.
Be6+ Kg7 41. Ra1 Bd2 42. Ra7+ Kh6 43. Rb7 Be3 44. Kg2 Nf6 45. Kf3 Bd4 46. Ke2
Nbxd5 47. Bxd5 Nxd5 48. Rd7 Nxb4 49. Rxd6 Nc2 50. Rd7 Ne3 51. Kf3 Nf5 52. Ke4
Ng3+ 53. Kf3 Nh5 54. Rf7 g5 55. h4 Kg6 56. Re7 gxh4 57. Kg4 Nf6+ 58. Kxh4 Kf5
59. Kg3 e4 60. Rf7 Be5+ 61. Kf2 Kf4 62. Ke2 h5 63. Rg7 e3 64. Rg1 Nd5 65. Rh1
Ke4 66. Rh4+ Nf4+ 67. Ke1 Kf3 68. Rh1 Bc3+ 0-1

[Event "SR 1. liga zapad 2015/2016"]
[Site "?"]
[Date "2016.01.23"]
[Round "7.6"]
[White "Chovanec, Milan"]
[Black "Drtina, Milan"]
[Result "1-0"]
[WhiteElo "2129"]
[BlackElo "2176"]
[PlyCount "113"]
[EventDate "2015.??.??"]

1. e4 e5 2. Nf3 Nc6 3. c3 Nf6 4. d4 exd4 5. e5 Nd5 6. Qb3 Nb6 7. cxd4 d5 8. Be3
Be7 9. Nbd2 O-O 10. Bd3 Be6 11. Rc1 Nb4 12. Bb1 a5 13. a3 a4 14. Qc3 Nc6 15.
Bd3 f5 16. exf6 Bxf6 17. Qc2 g6 18. O-O Rf7 19. Rfe1 Bg4 20. h3 Bxf3 21. Nxf3
Na5 22. Ne5 Re7 23. Bf4 Nb3 24. Ng4 Nxc1 25. Nxf6+ Kf7 26. Rxc1 Kxf6 27. Bxc7
Rxc7 28. Qxc7 Rc8 29. Qxd8+ Rxd8 30. Bb5 Nc4 31. Rc2 Nd6 32. Bxa4 Nf5 33. Rd2
Rc8 34. Bb3 Ke6 35. g3 Kd6 36. Kg2 Rc1 37. h4 Ne7 38. Kf3 Nc6 39. Ke2 Na5 40.
Ba2 Ra1 41. b3 Nc6 42. Kd3 Rc1 43. b4 Na7 44. Rc2 Rxc2 45. Kxc2 Nb5 46. a4
Nxd4+ 47. Kd3 Nc6 48. Kc3 Ke5 49. Bb1 b6 50. h5 Ne7 51. hxg6 hxg6 52. a5 bxa5
53. bxa5 g5 54. Kb4 Kd6 55. Kb5 Nc8 56. a6 d4 57. Bf5 1-0

[Event "SR 1. liga zapad 2015/2016"]
[Site "?"]
[Date "2016.01.23"]
[Round "7.6"]
[White "Nicolini, Alexander"]
[Black "Mikusik, Marian"]
[Result "1-0"]
[WhiteElo "2152"]
[BlackElo "2052"]
[PlyCount "91"]
[EventDate "2015.??.??"]

1. e4 e6 2. Qe2 c5 3. Nf3 Nc6 4. g3 b6 5. Bg2 Bb7 6. O-O Nf6 7. c3 Be7 8. d4
O-O 9. Rd1 cxd4 10. cxd4 d5 11. e5 Nd7 12. Nc3 Rc8 13. h4 a6 14. Bf4 b5 15.
Rac1 Nb6 16. Bh3 b4 17. Nb1 Nc4 18. b3 Na3 19. Ng5 Qd7 20. Qd3 Bxg5 21. Bxg5
Nxb1 22. Rxb1 Na7 23. Bd2 a5 24. Rbc1 Rc6 25. Rxc6 Bxc6 26. Qf3 Nb5 27. Qg4 Kh8
28. Rc1 Rc8 29. Bf1 Na3 30. Qh5 Bb7 31. Bd3 f5 32. exf6 Rxc1+ 33. Bxc1 gxf6 34.
Qh6 Qe7 35. Bf4 Kg8 36. Bd6 Qg7 37. Qc1 Qd7 38. Bf4 Qc6 39. Qd1 Qd7 40. Qg4+
Kh8 41. h5 Bc8 42. h6 e5 43. Bf5 Qe7 44. dxe5 fxe5 45. Bg5 Bxf5 46. Qxf5 1-0

[Event "SR 1. liga zapad 2015/2016"]
[Site "?"]
[Date "2016.01.23"]
[Round "7.6"]
[White "Capak, Stefan"]
[Black "Puchart, Vladimir"]
[Result "1/2-1/2"]
[WhiteElo "1991"]
[BlackElo "2040"]
[PlyCount "28"]
[EventDate "2015.??.??"]

1. d4 Nf6 2. Nf3 d5 3. c4 e6 4. Nc3 Be7 5. Bg5 O-O 6. e3 b6 7. cxd5 exd5 8. Bd3
Nbd7 9. O-O Bb7 10. Rc1 c5 11. b3 Ne4 12. Bxe7 Qxe7 13. Qe2 Rac8 14. Rfe1 Ndf6
1/2-1/2

[Event "SR 1. liga zapad 2015/2016"]
[Site "?"]
[Date "2016.02.20"]
[Round "8.1"]
[White "Petenyi, Tamas"]
[Black "Lanc, Alois"]
[Result "1-0"]
[WhiteElo "2452"]
[BlackElo "2327"]
[PlyCount "63"]
[EventDate "2015.??.??"]

1. e4 e5 2. Nf3 Nc6 3. Bb5 a6 4. Ba4 Nf6 5. O-O Be7 6. Re1 b5 7. Bb3 d6 8. c3
O-O 9. h3 Qd7 10. d4 Re8 11. Nbd2 Bf8 12. d5 Nd8 13. Nf1 h6 14. a4 Rb8 15. axb5
axb5 16. N3h2 c6 17. dxc6 Qxc6 18. Qf3 Be6 19. Bc2 d5 20. Ng3 dxe4 21. Nxe4 Nd7
22. Ng3 Bd5 23. Qd3 e4 24. Qd1 Nb6 25. Ng4 Nb7 26. Ne3 Rbd8 27. Qg4 Rd6 28.
Nxd5 Nxd5 29. Nxe4 Nb4 30. Bb1 Nd3 31. Bxd3 Rxd3 32. Nf6+ 1-0

[Event "SR 1. liga zapad 2015/2016"]
[Site "?"]
[Date "2016.02.20"]
[Round "8.1"]
[White "Kavon, Rastislav"]
[Black "Vass, Frantisek Ml"]
[Result "1/2-1/2"]
[WhiteElo "2177"]
[BlackElo "2307"]
[PlyCount "81"]
[EventDate "2015.??.??"]

1. e4 d5 2. exd5 Qxd5 3. Nc3 Qa5 4. d4 Nf6 5. Bd2 c6 6. Nf3 Bg4 7. h3 Bh5 8. g4
Bg6 9. Ne5 Nbd7 10. Nxg6 hxg6 11. Qf3 e6 12. O-O-O Qc7 13. Bd3 Nb6 14. Ne4 Nxe4
15. Qxe4 O-O-O 16. Kb1 Nd5 17. c4 Nf6 18. Qe3 Bd6 19. Bc3 Bf4 20. Qf3 g5 21.
Bc2 Kb8 22. Rd3 c5 23. Rhd1 cxd4 24. Bxd4 e5 25. Be3 Rxd3 26. Bxd3 Rd8 27. Bf1
Bxe3 28. fxe3 Ne4 29. Bd3 Nc5 30. Bc2 Re8 31. Qd5 Ne6 32. Qb5 Re7 33. Bf5 a6
34. Qd5 g6 35. Bxe6 Rxe6 36. e4 Ka7 37. Rf1 Re7 38. Rd1 Re6 39. Rf1 Re7 40. Rd1
Re6 41. Rf1 1/2-1/2

[Event "SR 1. liga zapad 2015/2016"]
[Site "?"]
[Date "2016.02.20"]
[Round "8.1"]
[White "Maros, Milan"]
[Black "Bango, Lukas"]
[Result "1-0"]
[WhiteElo "2325"]
[BlackElo "2111"]
[PlyCount "113"]
[EventDate "2015.??.??"]

1. d4 Nf6 2. Nf3 e6 3. c4 Bb4+ 4. Bd2 a5 5. g3 O-O 6. Bg2 d6 7. O-O Bxd2 8.
Nbxd2 Qe7 9. e3 e5 10. Qc2 Nc6 11. Qc3 Bf5 12. a3 Ne4 13. Nxe4 Bxe4 14. Nd2
Bxg2 15. Kxg2 a4 16. d5 Nd8 17. f4 b6 18. f5 f6 19. g4 Nb7 20. Ne4 Nc5 21. Qc2
Rfb8 22. Nc3 Kf7 23. Rf3 Rh8 24. Raf1 h6 25. h4 Ke8 26. Rg3 Kd7 27. Kf2 Kc8 28.
Ke2 Kb7 29. Kd1 Qd7 30. Kc1 Rh7 31. Kb1 Rc8 32. Rfg1 Rf8 33. Na2 Na6 34. Nc3
Nc5 35. Na2 Na6 36. Rc1 Rhh8 37. Nb4 Nxb4 38. axb4 Ra8 39. e4 Ra6 40. c5 dxc5
41. bxc5 Ka8 42. cxb6 Rxb6 43. Qxc7 Qb5 44. Rc2 Rhb8 45. Rgc3 Qa5 46. Qc5 Rb5
47. Qc6+ R8b7 48. Qe8+ Rb8 49. Qc6+ R8b7 50. Qe8+ Rb8 51. Rc8 a3 52. Qc6+ R5b7
53. b3 Ka7 54. Rxb8 Kxb8 55. Ka2 Qb4 56. Qc8+ Ka7 57. Qc5+ 1-0

[Event "SR 1. liga zapad 2015/2016"]
[Site "?"]
[Date "2016.02.20"]
[Round "8.1"]
[White "Puskar, Peter"]
[Black "Ondrus, Martin"]
[Result "0-1"]
[WhiteElo "2221"]
[BlackElo "2296"]
[PlyCount "84"]
[EventDate "2015.??.??"]

1. d4 g6 2. g3 Bg7 3. Nf3 Nf6 4. Bg2 O-O 5. O-O d5 6. c4 c6 7. Nc3 dxc4 8. a4
Nd5 9. e4 Nxc3 10. bxc3 c5 11. h3 Nc6 12. Be3 Na5 13. Qe2 cxd4 14. Nxd4 Bd7 15.
Rfd1 Qc8 16. Kh2 Rd8 17. f4 e5 18. Nb5 Bxb5 19. axb5 Rxd1 20. Rxd1 exf4 21.
Bxf4 Qe8 22. Bc7 b6 23. e5 Rc8 24. Bd6 Rd8 25. Qf2 Qe6 26. Bd5 Qf5 27. Qg2 Qh5
28. Rf1 Bxe5 29. Bxf7+ Kg7 30. Bb4 Qg5 31. Be6 Bd6 32. Bxa5 bxa5 33. Bxc4 Be5
34. Rf7+ Kh6 35. Be2 Rd2 36. Rf2 Qe3 37. h4 a4 38. Kh1 Bxg3 39. Rf3 Qxe2 40.
Rxg3 Qxg2+ 41. Rxg2 Rxg2 42. Kxg2 a3 0-1

[Event "SR 1. liga zapad 2015/2016"]
[Site "?"]
[Date "2016.02.20"]
[Round "8.1"]
[White "Mokos, Jozef"]
[Black "Szitkey, Milan"]
[Result "1/2-1/2"]
[WhiteElo "2250"]
[BlackElo "2101"]
[PlyCount "129"]
[EventDate "2015.??.??"]

1. d4 d5 2. c4 e6 3. Nc3 Nf6 4. cxd5 exd5 5. Bg5 c6 6. Qc2 Be7 7. e3 Qa5 8. Bd3
Na6 9. Qd2 Bg4 10. f3 Bh5 11. Nge2 Bg6 12. Nf4 Nc7 13. a3 Bxd3 14. Qxd3 Ne6 15.
Nxe6 fxe6 16. O-O O-O 17. Bf4 Nd7 18. Bg3 Qd8 19. e4 Nb6 20. a4 Bf6 21. Rad1
Nc4 22. Rf2 Qb6 23. b3 Na5 24. Bd6 Rf7 25. b4 Nc4 26. Bc5 Qc7 27. b5 a6 28.
exd5 exd5 29. bxc6 bxc6 30. Rb1 Be7 31. Bxe7 Rxe7 32. Re2 Rae8 33. Rxe7 Qxe7
34. h3 Qf6 35. Ne4 Qg6 36. Rb7 Nd6 37. Rb6 dxe4 38. fxe4 Rxe4 39. Qb3+ Qf7 40.
Qxf7+ Kxf7 41. Rxc6 Rxd4 42. Rxa6 Rd2 43. Rc6 Nf5 44. a5 Ne7 45. Rb6 Rd7 46. a6
Ra7 47. Kf2 Ke8 48. Rb8+ Kd7 49. Rh8 h6 50. Rh7 g6 51. Rxh6 Rxa6 52. Rh8 Ke6
53. Rf8 Ke5 54. Kg3 Nf5+ 55. Kf2 Ra2+ 56. Kf3 Ra3+ 57. Kf2 Kf4 58. g4 Rxh3 59.
gxf5 gxf5 60. Ra8 Rh2+ 61. Kf1 Rb2 62. Ra3 Kg4 63. Rc3 f4 64. Ra3 f3 65. Ra8
1/2-1/2

[Event "SR 1. liga zapad 2015/2016"]
[Site "?"]
[Date "2016.02.20"]
[Round "8.1"]
[White "Lukac, Roman"]
[Black "Skreno, Vladimir"]
[Result "1/2-1/2"]
[WhiteElo "2068"]
[BlackElo "2233"]
[PlyCount "91"]
[EventDate "2015.??.??"]

1. e4 c5 2. Nf3 Nc6 3. d4 cxd4 4. Nxd4 e5 5. Nb5 a6 6. Nd6+ Bxd6 7. Qxd6 Qf6 8.
Qd1 Qg6 9. Nc3 Nge7 10. Be3 d5 11. Nxd5 Nxd5 12. exd5 Nb4 13. c4 Nc2+ 14. Kd2
Nxa1 15. Qxa1 O-O 16. b3 Re8 17. g3 Bg4 18. Bd3 Qd6 19. Qb1 Bf3 20. Rc1 e4 21.
Bf1 b5 22. Qb2 bxc4 23. Bxc4 Rad8 24. Qd4 Qb4+ 25. Kc2 h6 26. Kb2 Rd7 27. Rc2
Qb7 28. Rd2 Bg4 29. Qb6 Qxb6 30. Bxb6 Rb8 31. Be3 a5 32. Kc3 Kf8 33. h4 f6 34.
Bc5+ Ke8 35. a4 Kd8 36. Bd4 Rdb7 37. Kc2 Kd7 38. Bc3 Ra7 39. Bd4 Rab7 40. Bc3
Ra8 41. Bb5+ Rxb5 42. axb5 Kd6 43. Bd4 Bc8 44. Be3 Bb7 45. Bf4+ Kd7 46. Kc3
1/2-1/2

[Event "SR 1. liga zapad 2015/2016"]
[Site "?"]
[Date "2016.02.20"]
[Round "8.1"]
[White "Gorusa, Miroslav"]
[Black "Miklas, Marian"]
[Result "1-0"]
[WhiteElo "2149"]
[BlackElo "2110"]
[PlyCount "109"]
[EventDate "2015.??.??"]

1. d4 Nf6 2. c4 g6 3. Nc3 Bg7 4. Bf4 O-O 5. e3 d6 6. Be2 Nc6 7. Nf3 Nh5 8. Bg5
h6 9. Bh4 g5 10. Nd2 gxh4 11. Bxh5 e5 12. d5 Ne7 13. e4 f5 14. O-O Kh8 15. exf5
Bxf5 16. Bg4 Bxg4 17. Qxg4 Rf4 18. Qh3 Qc8 19. Qxc8+ Rxc8 20. Nce4 Nf5 21. Rac1
Nd4 22. Rfe1 Bf8 23. Rc3 Be7 24. Nb3 Nxb3 25. Rxb3 b6 26. g3 Rg8 27. Kg2 Rgg4
28. Rbe3 Rf7 29. h3 Rg8 30. Rf3 Rxf3 31. Kxf3 hxg3 32. fxg3 Kg7 33. Kg2 Rf8 34.
Re3 Bg5 35. Rf3 Rxf3 36. Kxf3 Kg6 37. g4 h5 38. Ng3 hxg4+ 39. Kxg4 Bd2 40. h4
Bc1 41. b4 a6 42. b5 a5 43. h5+ Kf6 44. Ne4+ Kg7 45. Kf5 Kf7 46. c5 dxc5 47. d6
Ke8 48. Kxe5 Kd8 49. Kd5 Bf4 50. dxc7+ Kxc7 51. Nf6 Be3 52. Ng4 Bd4 53. h6 Kd7
54. h7 Bh8 55. Ne5+ 1-0

[Event "SR 1. liga zapad 2015/2016"]
[Site "?"]
[Date "2016.02.20"]
[Round "8.1"]
[White "Puchart, Vladimir"]
[Black "Horvath, Marian"]
[Result "1/2-1/2"]
[WhiteElo "2034"]
[BlackElo "2170"]
[PlyCount "76"]
[EventDate "2015.??.??"]

1. d4 d5 2. c4 c6 3. Nc3 Nf6 4. Nf3 a6 5. cxd5 cxd5 6. Bf4 Nc6 7. e3 Bg4 8. Bd3
e6 9. O-O Bd6 10. Bxd6 Qxd6 11. Rc1 O-O 12. a3 b5 13. b4 Na7 14. e4 dxe4 15.
Nxe4 Nxe4 16. Bxe4 Rad8 17. Bxh7+ Kh8 18. Bb1 g6 19. h3 Bxf3 20. Qxf3 Kg7 21.
Rfd1 Rd7 22. Rc5 Rfd8 23. h4 e5 24. Rxe5 Nc6 25. Re4 Qf6 26. Rf4 Qe6 27. d5
Rxd5 28. Rxd5 Qxd5 29. Be4 Qd1+ 30. Qxd1 Rxd1+ 31. Kh2 Ne5 32. Bb7 Rd6 33. g3
Rb6 34. Bg2 Rd6 35. Bb7 Rb6 36. Bg2 Rd6 37. Bb7 Rb6 38. Bg2 Rd6 1/2-1/2

[Event "SR 1. liga zapad 2015/2016"]
[Site "?"]
[Date "2016.02.20"]
[Round "8.2"]
[White "Chovan, Milan Ml"]
[Black "Gasa, Andrej"]
[Result "1/2-1/2"]
[WhiteElo "2274"]
[BlackElo "2299"]
[PlyCount "47"]
[EventDate "2015.??.??"]

1. c4 c6 2. Nf3 d5 3. e3 Nf6 4. Nc3 g6 5. b3 Bg7 6. Bb2 O-O 7. Be2 b6 8. O-O
Bb7 9. d4 Nbd7 10. Rc1 c5 11. cxd5 Nxd5 12. Nxd5 Bxd5 13. Qd2 cxd4 14. Bxd4
Bxd4 15. Nxd4 Nc5 16. Rfd1 e6 17. f3 a5 18. e4 Bb7 19. Qe3 Qe7 20. a3 e5 21.
Nb5 Ba6 22. b4 axb4 23. axb4 Bxb5 24. bxc5 1/2-1/2

[Event "SR 1. liga zapad 2015/2016"]
[Site "?"]
[Date "2016.02.20"]
[Round "8.2"]
[White "Rohacek, Miroslav"]
[Black "Martiska, Peter"]
[Result "1/2-1/2"]
[WhiteElo "2306"]
[BlackElo "2235"]
[PlyCount "170"]
[EventDate "2015.??.??"]

1. e4 c6 2. d4 d5 3. Nc3 dxe4 4. Nxe4 Nf6 5. Nxf6+ exf6 6. Bc4 Qe7+ 7. Qe2 Bg4
8. Qxe7+ Bxe7 9. Bf4 O-O 10. Ne2 Re8 11. O-O Nd7 12. Rfe1 Nb6 13. Bd3 Nd5 14.
Bd2 Nb4 15. Bxb4 Bxb4 16. c3 Bd6 17. Ng3 Rad8 18. Ne4 Bc7 19. h3 Bc8 20. Bc4 h6
21. Kf1 Kf8 22. Rad1 f5 23. Nc5 Bd6 24. b4 b6 25. Nd3 Be6 26. Bxe6 fxe6 27. a4
Kf7 28. Ne5+ Bxe5 29. Rxe5 Kf6 30. Rde1 Rd6 31. g4 g6 32. Kg2 Re7 33. f4 Re8
34. Kf3 Re7 35. R1e2 Re8 36. Ke3 Rd5 37. Rd2 Rd7 38. Kd3 Red8 39. Kc4 Rc8 40.
Rde2 Rd6 41. gxf5 gxf5 42. Rg2 Rd5 43. Re3 a5 44. Reg3 b5+ 45. Kb3 Ke7 46. Rg7+
Kd6 47. Ra7 axb4 48. Rgg7 bxa4+ 49. Kxb4 c5+ 50. dxc5+ Rdxc5 51. Rgd7+ Kc6 52.
c4 a3 53. Rd4 Rb8+ 54. Kc3 e5 55. fxe5 Rxe5 56. Rxa3 Re3+ 57. Rd3 Rxd3+ 58.
Kxd3 Rd8+ 59. Kc3 Kb6 60. Kb4 Rf8 61. c5+ Kb7 62. Kb5 f4 63. c6+ Kc7 64. Ra7+
Kd6 65. Rd7+ Ke6 66. Rd1 f3 67. c7 Rc8 68. Kc6 Ke5 69. h4 h5 70. Kd7 Rf8 71.
c8=Q Rxc8 72. Kxc8 Kf4 73. Kd7 Kg3 74. Ke6 Kxh4 75. Kf5 Kg3 76. Ke4 h4 77. Ke3
f2 78. Ke2 Kg2 79. Rf1 h3 80. Rxf2+ Kg1 81. Rf1+ Kg2 82. Rf8 h2 83. Rg8+ Kh1
84. Rh8 Kg2 85. Rxh2+ Kxh2 1/2-1/2

[Event "SR 1. liga zapad 2015/2016"]
[Site "?"]
[Date "2016.02.20"]
[Round "8.2"]
[White "Jancovic, Peter"]
[Black "Cajka, Tibor"]
[Result "1/2-1/2"]
[WhiteElo "2191"]
[BlackElo "2121"]
[PlyCount "37"]
[EventDate "2015.??.??"]

1. d4 c6 2. c4 g6 3. Nc3 Bg7 4. e4 d6 5. Be3 Nf6 6. f3 O-O 7. Nge2 e5 8. Qd2
Be6 9. Ng3 Na6 10. d5 cxd5 11. cxd5 Bd7 12. h4 h5 13. Be2 Nh7 14. Nf1 f5 15.
exf5 gxf5 16. f4 Qe8 17. O-O-O Nf6 18. Ng3 e4 19. Bd4 1/2-1/2

[Event "SR 1. liga zapad 2015/2016"]
[Site "?"]
[Date "2016.02.20"]
[Round "8.2"]
[White "Kimerling, Martin"]
[Black "Odler, Daniel"]
[Result "1/2-1/2"]
[WhiteElo "2142"]
[BlackElo "2078"]
[PlyCount "67"]
[EventDate "2015.??.??"]

1. d4 d5 2. Bf4 Nf6 3. Nf3 c6 4. c3 Bg4 5. Nbd2 e6 6. e3 Be7 7. Bd3 Nbd7 8. Qc2
Bh5 9. Ne5 Nxe5 10. Bxe5 Bg6 11. O-O O-O 12. e4 dxe4 13. Nxe4 Nxe4 14. Bxe4
Bxe4 15. Qxe4 Bf6 16. Rae1 Qd5 17. Bxf6 Qxe4 18. Rxe4 gxf6 19. f4 f5 20. Re5
Rfd8 21. Rf3 Rd6 22. Rg3+ Kh8 23. Rge3 Rg8 24. Kf2 Rg4 25. g3 Kg7 26. Kf3 Rg6
27. h3 Rh6 28. Kg2 Rg6 29. b4 Kf6 30. a4 Rg8 31. Kf2 h5 32. Ke2 Rh8 33. Kf3 Rg8
34. Ke2 1/2-1/2

[Event "SR 1. liga zapad 2015/2016"]
[Site "?"]
[Date "2016.02.20"]
[Round "8.2"]
[White "Hlavina, Lubomir Ml"]
[Black "Karas, Marek"]
[Result "0-1"]
[WhiteElo "2007"]
[BlackElo "2247"]
[PlyCount "86"]
[EventDate "2015.??.??"]

1. e4 e6 2. d4 d5 3. Nd2 h6 4. Ngf3 Nf6 5. e5 Nfd7 6. Bd3 c5 7. c3 Nc6 8. O-O
g5 9. h3 h5 10. g4 Be7 11. Kg2 Qb6 12. Qa4 Qc7 13. Re1 a6 14. Bb1 b5 15. Qc2
Bb7 16. Nf1 Rc8 17. Bxg5 hxg4 18. hxg4 Bxg5 19. Nxg5 Rg8 20. f4 cxd4 21. Qh7
Rxg5 22. fxg5 Nf8 23. Qd3 dxc3 24. bxc3 Nxe5 25. Qd4 Nc6 26. Qf2 Ne7 27. Qd4
Qxc3 28. Qxc3 Rxc3 29. Kf2 Nfg6 30. Bxg6 Nxg6 31. Rac1 b4 32. Rxc3 bxc3 33. Ke3
e5 34. Kd3 d4 35. Ng3 Kd7 36. Ne4 Nf4+ 37. Kc2 Bxe4+ 38. Rxe4 Kd6 39. Re1 Kd5
40. Kb3 e4 41. Rf1 Ke5 42. Kc2 e3 43. Rb1 e2 0-1

[Event "SR 1. liga zapad 2015/2016"]
[Site "?"]
[Date "2016.02.20"]
[Round "8.2"]
[White "Jablonicky, Martin"]
[Black "Szakall, Alexander"]
[Result "1-0"]
[WhiteElo "2230"]
[BlackElo "1935"]
[PlyCount "81"]
[EventDate "2015.??.??"]

1. e4 d6 2. d4 Nf6 3. Nc3 g6 4. f4 Bg7 5. Nf3 O-O 6. Bd3 c6 7. e5 Nd5 8. Nxd5
cxd5 9. h4 Bg4 10. h5 Nc6 11. c3 e6 12. Qc2 Ne7 13. hxg6 fxg6 14. Ng5 h6 15.
Nh3 Nf5 16. Nf2 Ng3 17. Rh2 Bf5 18. Qd1 Ne4 19. Bxe4 Bxe4 20. Nxe4 dxe4 21. Qg4
dxe5 22. Qxe6+ Kh7 23. fxe5 Qe8 24. Qg4 Qf7 25. Qe2 Qf5 26. Be3 g5 27. g4 Qf3
28. Qxf3 Rxf3 29. Ke2 Raf8 30. Bxg5 Kg6 31. Be3 Rg3 32. Rah1 Rff3 33. Bxh6 Rxg4
34. Bxg7 Kxg7 35. Rf1 Rfg3 36. e6 e3 37. Rf3 Rxf3 38. Kxf3 Rg6 39. Rg2 Rxg2 40.
Kxg2 Kf6 41. d5 1-0

[Event "SR 1. liga zapad 2015/2016"]
[Site "?"]
[Date "2016.02.20"]
[Round "8.2"]
[White "Hrstka, Samuel"]
[Black "Bury, Rastislav"]
[Result "0-1"]
[WhiteElo "1888"]
[BlackElo "2152"]
[PlyCount "74"]
[EventDate "2015.??.??"]

1. e4 c5 2. Nf3 d6 3. d4 cxd4 4. Nxd4 Nf6 5. Nc3 a6 6. Be3 e5 7. Nb3 Be6 8. f3
Be7 9. Qd2 Nbd7 10. O-O-O O-O 11. g4 b5 12. h4 b4 13. Ne2 a5 14. Kb1 Nb6 15.
Ng3 Qc7 16. g5 Ne8 17. h5 Na4 18. Nf5 Bxf5 19. exf5 Rc8 20. Ba6 Rb8 21. g6 Qc6
22. Bd3 Nc3+ 23. bxc3 bxc3 24. Qg2 a4 25. h6 axb3 26. cxb3 fxg6 27. fxg6 Bf6
28. hxg7 Nxg7 29. Rxh7 Rfc8 30. Kc2 Qa4 31. bxa4 Rb2+ 32. Kc1 Rxg2 33. Bc4+
Rxc4 34. Rxd6 Rxg6 35. Rh2 Nf5 36. Rd3 Nxe3 37. Rxe3 Bg5 0-1

[Event "SR 1. liga zapad 2015/2016"]
[Site "?"]
[Date "2016.02.20"]
[Round "8.2"]
[White "Polasek, Filip"]
[Black "Belak, Juraj"]
[Result "1-0"]
[WhiteElo "2097"]
[BlackElo "1848"]
[PlyCount "69"]
[EventDate "2015.??.??"]

1. e4 Nf6 2. Nc3 d5 3. e5 d4 4. exf6 dxc3 5. fxg7 cxd2+ 6. Bxd2 Bxg7 7. Qf3 Qd4
8. Bc3 Qg4 9. Bxg7 Qxg7 10. O-O-O c6 11. Bc4 Nd7 12. Qg3 Qxg3 13. hxg3 Ne5 14.
Be2 Bd7 15. Rh5 f6 16. Rxe5 fxe5 17. Bh5+ Kd8 18. Bg4 Kc7 19. Rxd7+ Kb6 20.
Rxe7 Raf8 21. Nf3 h5 22. Bh3 Rh6 23. Rxe5 Rf7 24. Kd2 Kc7 25. Ke2 Rh8 26. Ng5
Rf6 27. Re7+ Kb6 28. Ne4 Rg6 29. f4 h4 30. g4 Rf8 31. f5 Rh6 32. g5 Rhh8 33. g6
Rhg8 34. g7 c5 35. gxf8=Q 1-0

[Event "SR 1. liga zapad 2015/2016"]
[Site "?"]
[Date "2016.02.20"]
[Round "8.3"]
[White "Havlicek, Libor Ml"]
[Black "Sipos, Istvan"]
[Result "0-1"]
[WhiteElo "2266"]
[BlackElo "2473"]
[PlyCount "60"]
[EventDate "2015.??.??"]

1. d4 Nf6 2. Nf3 e6 3. g3 b5 4. a4 b4 5. c4 Bb7 6. Bg2 c5 7. d5 exd5 8. Nh4 g6
9. O-O Bg7 10. cxd5 O-O 11. Nd2 Ba6 12. d6 Nc6 13. Nb3 Re8 14. Re1 Qb6 15. e4
Ne5 16. a5 Qb5 17. Be3 Rac8 18. Bf1 c4 19. f3 Nd3 20. Bxd3 cxd3 21. Bxa7 Bh6
22. Ng2 Qh5 23. Bd4 Rc2 24. h4 Re2 25. Rf1 Nxe4 26. fxe4 R8xe4 27. Bf2 Qd5 28.
Rc1 Bxc1 29. Nxc1 Bb7 30. a6 Rg4 0-1

[Event "SR 1. liga zapad 2015/2016"]
[Site "?"]
[Date "2016.02.20"]
[Round "8.3"]
[White "Berczes, Csaba"]
[Black "Hacik, Radomir"]
[Result "1-0"]
[WhiteElo "2353"]
[BlackElo "2190"]
[PlyCount "79"]
[EventDate "2015.??.??"]

1. Nf3 d5 2. g3 Nf6 3. Bg2 g6 4. b3 Bg7 5. Bb2 O-O 6. c4 c6 7. O-O Bf5 8. d3
Re8 9. Nbd2 Na6 10. a3 Nc7 11. h3 h5 12. Qc2 Rc8 13. e4 Be6 14. Ng5 Nh7 15.
Nxh7 Bxb2 16. Qxb2 Kxh7 17. f4 Qd7 18. Nf3 f6 19. Kh2 Rg8 20. Rae1 Rce8 21. Re2
Rg7 22. Rfe1 Kg8 23. Nd4 Bf7 24. e5 fxe5 25. Rxe5 e6 26. Nf3 b6 27. h4 Kf8 28.
Bh3 Qd6 29. R1e2 c5 30. Ng5 d4 31. Qd2 Bg8 32. Re1 a5 33. Qe2 Rge7 34. Ne4 Qc6
35. Bg2 Qa8 36. Nxc5 Qb8 37. Ne4 Rd8 38. Ng5 b5 39. f5 bxc4 40. bxc4 1-0

[Event "SR 1. liga zapad 2015/2016"]
[Site "?"]
[Date "2016.02.20"]
[Round "8.3"]
[White "Sosovicka, Juraj"]
[Black "Farkas, Gabor"]
[Result "0-1"]
[WhiteElo "2208"]
[BlackElo "2405"]
[PlyCount "88"]
[EventDate "2015.??.??"]

1. b3 e5 2. Bb2 Nc6 3. e3 Nf6 4. Bb5 d6 5. d4 exd4 6. Qxd4 Bd7 7. Bxc6 Bxc6 8.
Nf3 Be7 9. Nc3 Qd7 10. O-O-O Qg4 11. Qxg4 Nxg4 12. Rd2 O-O-O 13. Nd4 Bd7 14.
Nd5 Bf8 15. h3 Ne5 16. e4 Re8 17. Re1 f5 18. Rde2 c6 19. Nf4 g6 20. Nd3 fxe4
21. Rxe4 Bh6+ 22. Kb1 Nxd3 23. Rxe8+ Rxe8 24. Rxe8+ Bxe8 25. cxd3 c5 26. Ne2
Bc6 27. f3 Kd7 28. Bc1 Bf8 29. Kc2 b5 30. Nc3 d5 31. a4 b4 32. Nd1 a5 33. Ne3
Ke6 34. Bb2 Be7 35. d4 c4 36. bxc4 dxc4 37. Nxc4 Bxa4+ 38. Kd2 Bg5+ 39. Ke1 Bc6
40. Ne5 Bb5 41. Kd1 a4 42. Bc1 Bxc1 43. Kxc1 Kd5 44. Ng4 Kxd4 0-1

[Event "SR 1. liga zapad 2015/2016"]
[Site "?"]
[Date "2016.02.20"]
[Round "8.3"]
[White "Janko, Michal"]
[Black "Castiglione, Mario"]
[Result "0-1"]
[WhiteElo "2260"]
[BlackElo "2213"]
[PlyCount "90"]
[EventDate "2015.??.??"]

1. d4 c5 2. d5 g6 3. g3 Bg7 4. Bg2 Qb6 5. Nd2 Bxb2 6. Rb1 Bxc1 7. Qxc1 Qa6 8.
Qb2 Nf6 9. h4 d6 10. Nh3 Bxh3 11. Bxh3 b6 12. O-O O-O 13. e4 Nbd7 14. c4 Rae8
15. f4 e6 16. e5 Nh5 17. Kh2 dxe5 18. fxe5 Nxe5 19. Qxe5 exd5 20. Qxd5 Re2+ 21.
Bg2 Qxa2 22. Rbd1 Qc2 23. Rfe1 Nf6 24. Qg5 Ne4 25. Qf4 Rxe1 26. Rxe1 Nxd2 27.
Re2 Qxc4 28. Qxd2 a5 29. Bd5 Qg4 30. Re7 Kg7 31. Qf2 Qf5 32. Qxf5 gxf5 33. Rb7
Rc8 34. Rxb6 c4 35. Rc6 Rxc6 36. Bxc6 Kf6 37. Bb5 c3 38. Ba4 Ke5 39. Bc2 Kd4
40. Bxf5 a4 41. Bxh7 a3 42. Bb1 c2 43. Bxc2 a2 44. Bb3 a1=Q 45. Bxf7 Ke3 0-1